Dielectric properties of thin films of vanadium-phosphate glass; Soviet Physics Journal; Vol. 21, № 11

Detaylı Bibliyografya
Parent link:Soviet Physics Journal.— , 1965-1992
Vol. 21, № 11.— 1978.— P. 1436-1443
Yazar: Kalygina V. M.
Diğer Yazarlar: Kosintsev V. I. Victor Ivanovich, Gaman V. I.
Özet:В фонде НТБ ТПУ отсутствует
Dil:İngilizce
Baskı/Yayın Bilgisi: 1978
Konular:
Materyal Türü: Kitap Bölümü
KOHA link:https://koha.lib.tpu.ru/cgi-bin/koha/opac-detail.pl?biblionumber=599528

MARC

LEADER 00000naa0a2200000 4500
001 599528
005 20250411114830.0
035 |a (RuTPU)RU\TPU\tpu\23613 
035 |a RU\TPU\tpu\22821 
090 |a 599528 
100 |a 20130913d1978 k||y0rusy50 ba 
101 0 |a eng 
102 |a US 
200 1 |a Dielectric properties of thin films of vanadium-phosphate glass  |f V. M. Kalygina, V. I. Kosintsev, V. I. Gaman 
333 |a В фонде НТБ ТПУ отсутствует 
461 |t Soviet Physics Journal  |d 1965-1992 
463 |t Vol. 21, № 11  |v P. 1436-1443  |d 1978 
610 1 |a труды учёных ТПУ 
700 1 |a Kalygina  |b V. M. 
701 1 |a Kosintsev  |b V. I.  |c Chemical Engineer  |c consulting professor, Doctor of technical sciences  |f 1939-  |g Victor Ivanovich  |3 (RuTPU)RU\TPU\pers\31066 
701 1 |a Gaman  |b V. I. 
801 1 |a RU  |b 63413507  |c 20110727 
801 2 |a RU  |b 63413507  |c 20130913  |g RCR 
942 |c CR